| 000 | 00571nam a22001817a 4500 | ||
|---|---|---|---|
| 999 |
_c262748 _d262747 |
||
| 003 | OSt | ||
| 005 | 20240207123346.0 | ||
| 008 | 240206b xxu||||| |||| 00| 0 eng d | ||
| 010 | _a 88050936 | ||
| 020 | _a 0307120899 | ||
| 040 | _cRU | ||
| 050 | _a MLCM 92/01448 (P | ||
| 100 |
_aCarey, Mary, _d 1925-1994 |
||
| 245 |
_aScuffy's underground adventure _cby Mary Carey ; illustrated by Darrell Baker. |
||
| 260 |
_a New York : |b Golden Book ; |a Racine, Wis. : _bWestern Pub. Co., _c c1989. |
||
| 300 |
_a [20] p. _b col. ill. ; _c 28 cm. |
||
| 942 |
_2lcc _cBK |
||